| 000 | 00946nam a22002537a 4500 | ||
|---|---|---|---|
| 003 | CHAP | ||
| 005 | 20220329134309.0 | ||
| 008 | 971013s1896 r 00010 d | ||
| 010 | _a18339 | ||
| 011 | _a19311 | ||
| 035 | _a23396 | ||
| 040 | _cCHAP | ||
| 082 |
_a338.47663 _bJ8 |
||
| 110 |
_aJunta General del Ramo de Pulques _962365 |
||
| 245 | _aDictamen que presenta la comisión nombrada por la Junta... al gobernador del Distrito, impugnando el vulgar error de que el consumo de esta bebida nacional es causa de la criminalidad en México y en el que se exponen las razones legales con que se com | ||
| 260 |
_aMéxico, D.F., : _bTalleres de la "Tipografía Artística", _c1896 |
||
| 300 | _a39 p | ||
| 590 |
_aBATCH-UPD _b10 _c20130110 _lUCH01 _h1402 |
||
| 590 |
_aCONVERSION _b10 _c20130109 _lUCH01 _h1311 |
||
| 650 | 1 | 4 |
_aPulque. _993009 |
| 901 | _aBK | ||
| 942 | _cLIBRO | ||
| 949 |
_a338.47663 J8 _bBC _cBPP _d-54460 _eBPP _h5999 _i23396 _si |
||
| 999 |
_c18339 _d18339 |
||